000 00260nam a22001217a 4500
008 170331b xxu||||| |||| 00| 0 eng d
041 _aALB
080 _23RD
_a616-053.2
100 _a8
101 _aSHM
245 _aPEDIATRIA
_cBEKTESHI, S
942 _2udc
_cBK
999 _c9186
_d9186